| 000 | 00652nam a2200217Ia 4500 | ||
|---|---|---|---|
| 003 | GCL | ||
| 008 | 140319s9999 xx 000 0 eng d | ||
| 020 | _a1857715190 | ||
| 040 |
_aGCL / _cGCL |
||
| 082 | 0 | 4 |
_a823.01 _bW C |
| 100 | 1 | _aWAUGH, EVELYN | |
| 245 | 1 | 0 |
_aTHE COMPLETED SHORT STORIES : _bAND SELECTED DRAWINGS / _cWAUGH, EVELYN |
| 700 | 1 | _aSLATER, ANN PASTERNAK | |
| 260 |
_aانجلترا : _bEVERYMAN'S LIBRARY ، _c1998 |
||
| 300 |
_a21 CM ؛ _cIXIV, 595 P |
||
| 490 |
_aTHE MILLENNIUM LIBRARY _v190 |
||
| 650 | 0 | 4 | _aENGLISH FICTION |
| 650 | 0 | 4 | _aSHORT STORIES, ENGLISH |
| 650 | 0 | 4 | _aENGLISH LITERATURE - COLLECTIONS |
| 942 |
_2ddc _cBK |
||
| 999 |
_c5501 _d5501 |
||